| 000 | 00947cas a22002657a 4500 | ||
|---|---|---|---|
| 005 | 20220329142317.0 | ||
| 008 | 000607d mx mn p rnn 0 b1spa d | ||
| 010 | _a81444 | ||
| 011 | _a82416 | ||
| 035 | _a92911 | ||
| 245 | 0 | 0 | _aBoletín de información Técnica. Distrito de Desarrollo Rural no.148 Cajeme, Sonora |
| 260 | 0 |
_aCajeme, Sonora : _bSecretaria de Agricultura y Recursos Hidraúlicos. Delegación en el Estado de Sonora, _c19- |
|
| 300 | _av. | ||
| 310 | _aMensual | ||
| 362 | 1 | _av.5 n.2, 1985 | |
| 500 | _aSe dejó de recibir a partir del v.5 n.11,1986. | ||
| 590 |
_aBATCH-UPD _b10 _c20130110 _lUCH01 _h2040 |
||
| 590 |
_aBATCH-UPD _b10 _c20130410 _lUCH01 _h1354 |
||
| 590 |
_aBATCH-UPD _b10 _c20130914 _lUCH01 _h1208 |
||
| 590 |
_aCONVERSION _b10 _c20130109 _lUCH01 _h1345 |
||
| 650 | 1 | 4 |
_aDesarrollo rural _xPublicaciones periódicas. _932073 |
| 866 | _av.5 n.1-11 (1985-1986) | ||
| 901 | _aSE | ||
| 905 | _aLilia Sánchez G. | ||
| 999 |
_c81444 _d81444 |
||